| 000 | 00698nam a2200217Ia 4500 | ||
|---|---|---|---|
| 003 | OSt | ||
| 005 | 20251219150301.0 | ||
| 008 | Pun | ||
| 020 | _a9788189869410 (hbk) | ||
| 037 | _cTB | ||
| 040 |
_aARTS _cARTS _bPun |
||
| 041 |
_2Pun _aPun |
||
| 084 |
_aO153,3NMIx P8 _qAL |
||
| 100 |
_aਮਿਤਵਾ, ਦਰFਨ _9858088 |
||
| 245 | 0 | _aਚੀਥੜੇ ਚੀਥੜੇ ਆਦਮੀ | |
| 260 |
_aਮਾਨਸਾ _b ਉਡਾਨ ਪਬਲੀਕੇFਨਗ਼ _c2008 |
||
| 300 |
_a104ਪੰ _ccm. |
||
| 650 |
_aਪੰਜਾਬੀ ਸਾਹਿਤ _9858089 |
||
| 942 |
_hO153,3NM1x, P8 _cTB _2CC _n0 |
||
| 999 |
_c299040 _d299040 |
||